[Event "Eastpointe (MCO/3/17)"]
[Site "?"]
[Date "1995.??.??"]
[Round "?"]
[White "Peiter, H."]
[Black "Cooper, Willie"]
[Result "1-0"]
[WhiteElo "1900"]
[BlackElo "1605"]
[PlyCount "120"]
[EventDate "1995.??.??"]

{3/(17)} 1. e4 c5 2. Nf3 Nf6 3. Nc3 d6 4. d4 cxd4 5. Nxd4 e5 6. Ndb5 Be7 7. Bg5
O-O 8. Bxf6 Bxf6 9. Qxd6 Be6 10. Qxd8 Bxd8 11. Rd1 Nc6 12. a3 a6 13. Nd6 Nd4
14. Bd3 b5 15. O-O Be7 16. Nf5 Rfe8 17. Nxe7+ Rxe7 18. Ne2 Rd8 19. Nxd4 exd4
20. f4 f6 21. h3 Bc4 22. Rfe1 Kf7 23. Kf2 h5 24. Kf3 g6 25. Re2 h4 26. b3 Be6
27. f5 gxf5 28. exf5 Bd5+ 29. Be4 Re5 30. Rxd4 Bxe4+ 31. Rexe4 Rxf5+ 32. Ke3
Rxd4 33. Rxd4 Rc5 34. Kd3 Rg5 35. Rg4 Rh5 36. c4 Ke6 37. b4 bxc4+ 38. Kxc4 Kd6
39. a4 Kc6 40. Re4 Kd6 41. Rd4+ Kc6 42. Rf4 f5 43. Rf2 Kd6 44. b5 axb5+ 45.
axb5 Kc7 46. Kd4 Kb6 47. Ke5 f4+ 48. Kxf4 Kxb5 49. Kg4 Rh7 50. Rf5+ Kc6 51. Rh5
Rg7+ 52. Rg5 Rh7 53. Rh5 Rg7+ 54. Kf3 Rf7+ 55. Ke3 Rg7 56. Kf3 Rf7+ 57. Kg4
Rg7+ 58. Rg5 Rh7 59. Re5 Rg7+ 60. Kxh4 Rxg2 {1-0, ??.} 1-0

[Event "East Lansing (MOR/4/5)"]
[Site "?"]
[Date "1995.??.??"]
[Round "?"]
[White "Peiter, H."]
[Black "Blanchard, Robert"]
[Result "0-1"]
[WhiteElo "1605"]
[BlackElo "1645"]
[PlyCount "88"]
[EventDate "1995.??.??"]

{4/(5)} 1. e4 c5 2. Nf3 d6 3. d4 cxd4 4. Nxd4 Nf6 5. Nc3 a6 6. Be2 e5 7. Nb3
Be6 8. O-O Be7 9. Be3 O-O 10. f4 Qc7 11. a4 Nbd7 12. Bf3 Rac8 13. Qe1 exf4 14.
Bxf4 Ne5 15. Nd2 Rfd8 16. Kh1 Nfd7 17. Rf2 Bh4 18. g3 Bf6 19. Rd1 Nf8 20. Be2
Nfg6 21. Nf3 Ng4 22. Rg2 Nxf4 23. gxf4 Ne3 24. Qg3 Nxg2 25. Qxg2 Bxc3 26. bxc3
Qxc3 27. e5 dxe5 28. Rg1 g6 29. fxe5 Qxc2 30. h4 Qxa4 31. h5 Qf4 32. hxg6 hxg6
33. Rf1 Kg7 34. Ng5 Rc1 35. Nxe6+ fxe6 36. Qxb7+ Kh6 37. Rxc1 Qxc1+ 38. Kg2
Qg5+ 39. Kf1 Rf8+ 40. Ke1 Qc1+ 41. Bd1 Qc3+ 42. Ke2 Qxe5+ 43. Kd3 Qd5+ 44. Qxd5
exd5 0-1

[Event "East Lansing (MOR/6/6)"]
[Site "?"]
[Date "1995.??.??"]
[Round "?"]
[White "Peiter, H."]
[Black "Ashton, Jeff"]
[Result "1-0"]
[WhiteElo "1605"]
[BlackElo "1625"]
[PlyCount "51"]
[EventDate "1995.??.??"]

{6/(6)} 1. e4 c5 2. Nf3 Nc6 3. d4 cxd4 4. Nxd4 g6 5. Nxc6 bxc6 6. Qd4 Nf6 7. e5
Nd5 8. e6 f6 9. exd7+ Bxd7 10. Bd3 e5 11. Qh4 f5 12. Bg5 Qb6 13. O-O e4 14. Bf6
Be7 15. Bxe7 Nxe7 16. Re1 Qxb2 17. Nd2 Qg7 18. Bc4 g5 19. Qg3 Nd5 20. Rab1 Be6
21. Nxe4 fxe4 22. Rxe4 Nf4 23. Bxe6 Qe7 24. Bd7+ Kd8 25. Rxe7 Kxe7 26. Qxg5+
1-0

[Event "Eastpointe (MCO/1/30)"]
[Site "?"]
[Date "1995.??.??"]
[Round "?"]
[White "Pecot, Dave"]
[Black "Rotberg, Victor"]
[Result "0-1"]
[WhiteElo "1605"]
[BlackElo "1785"]
[PlyCount "94"]
[EventDate "1995.??.??"]

{1/(30)} 1. e4 c5 2. f4 d6 3. Bb5+ Bd7 4. a4 g6 5. Nf3 Bg7 6. O-O Nc6 7. Bxc6
Bxc6 8. d3 e6 9. c4 Ne7 10. e5 O-O 11. Qe1 b6 12. Nc3 dxe5 13. Nxe5 Bb7 14. Qh4
Qd4+ 15. Qf2 Qxf2+ 16. Rxf2 Rad8 17. Bd2 f6 18. Nf3 Rxd3 19. Ne1 Rd7 20. Re2
Kf7 21. Nc2 Rfd8 22. Be3 Nf5 23. Bf2 Nd6 24. Na3 f5 25. Rc1 Ne4 26. Nxe4 fxe4
27. Bh4 Rd1+ 28. Re1 Rxe1+ 29. Rxe1 Rd2 30. Nb5 a6 31. Nc3 Bd4+ 32. Kf1 e3 33.
Re2 Rd3 34. Na2 Be4 35. Nc1 Rd1+ 36. Re1 Rxe1+ 37. Bxe1 Bxb2 38. Na2 Bd3+ 39.
Kg1 Kf6 40. Nc3 Kf5 41. Nd1 Bd4 42. g3 Bxc4 43. Nc3 e2+ 44. Kg2 Bxc3 45. Bxc3
Ke4 46. Kf2 Kd3 47. Be1 b5 0-1

[Event "Grand Rapids (MI Am/4/37)"]
[Site "?"]
[Date "1995.??.??"]
[Round "?"]
[White "Pecot, Dave"]
[Black "Pierson, John"]
[Result "1-0"]
[WhiteElo "1605"]
[BlackElo "1605"]
[PlyCount "79"]
[EventDate "1995.??.??"]

{4/(37)} 1. f4 f5 2. e4 e6 3. e5 Bb4 4. Nf3 Ne7 5. a3 Ba5 6. b4 Bb6 7. c4 c5 8.
Nc3 Ng6 9. Nb5 O-O 10. d4 Nxf4 11. Bxf4 d5 12. dxc5 Bc7 13. Nxc7 Qxc7 14. cxd5
Rd8 15. Qb3 exd5 16. Bg5 Re8 17. Qxd5+ Be6 18. Qd6 Qf7 19. Bb5 Nc6 20. Bxc6
bxc6 21. Rd1 Bd5 22. Nd4 h6 23. Nxc6 hxg5 24. Qxd5 Re6 25. Nd4 Rxe5+ 26. Qxe5
Re8 27. Qxe8+ Qxe8+ 28. Kf2 Qe4 29. Rhe1 Qh4+ 30. Kg1 g4 31. Nxf5 Qf6 32. Ng3
Qc3 33. Ra1 Qd4+ 34. Kh1 Kh7 35. c6 Qb6 36. Rac1 Qc7 37. b5 Kh6 38. Re7 Qxe7
39. c7 Qe3 40. c8=Q $138 1-0

[Event "Eastpointe (MCO/6/26)"]
[Site "?"]
[Date "1995.??.??"]
[Round "?"]
[White "Pecot, Dave"]
[Black "Nikitin, Mike"]
[Result "0-1"]
[WhiteElo "1605"]
[BlackElo "1605"]
[PlyCount "102"]
[EventDate "1995.??.??"]

{6/(26)} 1. e4 e6 2. d4 d5 3. Nc3 Nf6 4. e5 Nfd7 5. Nb1 c5 6. c3 Nc6 7. Be3 Qa5
8. Nd2 c4 9. Ngf3 b5 10. Be2 Rb8 11. O-O Qc7 12. Qc2 a5 13. Ng5 g6 14. h4 Be7
15. Ngf3 Qd8 16. g3 Nf8 17. Bh6 Kd7 18. Ng5 Qe8 19. Ngf3 Kc7 20. Bg5 h6 21.
Bxe7 Qxe7 22. Kg2 f6 23. b3 Ba6 24. bxc4 bxc4 25. Rab1 Qg7 26. exf6 Qxf6 27.
Qa4 Nd7 28. Qc2 Rhf8 29. Kg1 e5 30. dxe5 Ndxe5 31. Nxe5 Nxe5 32. Rxb8 Rxb8 33.
Kg2 Nd3 34. Bxd3 cxd3 35. Qc1 Qc6 36. Nf3 d2 37. Qxd2 Bxf1+ 38. Kxf1 Qc4+ 39.
Kg2 Rb1 40. Ne5 Qf1+ 41. Kf3 Qh1+ 42. Kg4 Qe4+ 43. Qf4 Qxf4+ 44. Kxf4 Rb2 45.
Nxg6 Rxf2+ 46. Ke3 Rxa2 47. Kd4 a4 48. Ne7 Kd6 49. Nf5+ Kc7 50. Ne3 Rd2+ 51.
Kc5 a3 0-1

[Event "Eastpointe (MCO/3/32)"]
[Site "?"]
[Date "1995.??.??"]
[Round "?"]
[White "Pecot, Dave"]
[Black "Iverson, B."]
[Result "0-1"]
[WhiteElo "1605"]
[BlackElo "1605"]
[PlyCount "89"]
[EventDate "1995.??.??"]

{3/(32)} 1. e4 e6 2. d4 c5 3. d5 g6 4. dxe6 fxe6 5. e5 Nc6 6. f4 a6 7. a4 b6 8.
g3 Bb7 9. Bg2 Rb8 10. Nf3 Nge7 11. O-O Nf5 12. c3 c4 13. Nbd2 Ne3 14. Qe2 Nxf1
15. Qxf1 b5 16. b3 Na5 17. bxc4 bxc4 18. Nxc4 Nxc4 19. Qxc4 Rc8 20. Qd3 Bc5+
21. Kf1 Qc7 22. Ba3 Bxa3 23. Rxa3 O-O 24. Ng5 Bxg2+ 25. Kxg2 Qc6+ 26. Ne4 Rb8
27. Kf3 Rf7 28. Ke3 Qb6+ 29. Kf3 h6 30. Nd6 Qc6+ 31. Ne4 g5 32. h3 gxf4 33.
gxf4 Rbf8 34. Kg3 Rxf4 35. Nf6+ R4xf6 36. exf6 Rxf6 37. Ra2 Kg7 38. Rd2 d5 39.
Qd4 Qd6+ 40. Kg4 Kf7 41. c4 Rg6+ 42. Kh5 Rg5+ 43. Kxh6 e5+ 44. Kxg5 exd4 45.
cxd5 0-1

[Event "Grand Rapids (MI Am/1/12)"]
[Site "?"]
[Date "1995.??.??"]
[Round "?"]
[White "Pecot, Dave"]
[Black "Armstead, Curt"]
[Result "0-1"]
[WhiteElo "1605"]
[BlackElo "1855"]
[PlyCount "86"]
[EventDate "1995.??.??"]

{1/(12)} 1. e4 c6 2. d4 d5 3. e5 Bf5 4. Nf3 e6 5. Be2 c5 6. c3 Nd7 7. Be3 cxd4
8. cxd4 Bb4+ 9. Nc3 Ne7 10. Rc1 a6 11. O-O Rc8 12. Ne1 Bxc3 13. bxc3 Qa5 14.
Qb3 b5 15. f4 Nb6 16. g4 Be4 17. Nf3 Bxf3 18. Rxf3 g6 19. Qc2 Nc4 20. Bd2 Rc7
21. Bd3 Rg8 22. Kh1 Qb6 23. Rb1 Na3 24. Qb2 Nxb1 25. Qxb1 Qc6 26. Qb4 Rd7 27.
Be1 Nc8 28. Bh4 Nb6 29. Bc2 Nc4 30. a4 Ra7 31. axb5 axb5 32. Ba4 Rb7 33. Bc2
Qa6 34. Qc5 Rd7 35. Ba4 bxa4 36. Qb4 Qa8 37. Rf1 f5 38. gxf5 gxf5 39. Bg5 a3
40. Rg1 a2 41. Bh6 Rxg1+ 42. Kxg1 a1=Q+ 43. Kf2 Qb2+ 0-1

[Event "Gaylord (NMO/3/19)"]
[Site "?"]
[Date "1995.??.??"]
[Round "?"]
[White "Paul, Dennis"]
[Black "Priebe, Raymond"]
[Result "0-1"]
[WhiteElo "1605"]
[BlackElo "1605"]
[PlyCount "36"]
[EventDate "1995.??.??"]

{3/(19)} 1. e4 e5 2. Nf3 Nc6 3. Bc4 Nf6 4. Nc3 Nxe4 5. Nxe4 d5 6. Bd3 dxe4 7.
Bxe4 Bg4 8. h3 Bxf3 9. Qxf3 Nd4 10. Qg3 Qf6 11. O-O Ne2+ 12. Kh2 Nxg3 13. Rg1
Nxe4 14. Rf1 Qf4+ 15. g3 Nxg3 16. d3 Nxf1+ 17. Kg1 Qh2+ 18. Kxf1 Qxh3+ 0-1

[Event "East Lansing (MOR/7/41)"]
[Site "?"]
[Date "1995.??.??"]
[Round "?"]
[White "Paul, Dennis"]
[Black "Montgomery, D."]
[Result "0-1"]
[WhiteElo "1605"]
[BlackElo "1605"]
[PlyCount "116"]
[EventDate "1995.??.??"]

{7/(41)} 1. e4 e6 2. Nc3 Nf6 3. Nge2 d5 4. e5 Ng4 5. d4 Be7 6. h3 Nxf2 7. Kxf2
Nc6 8. g3 O-O 9. Bg2 f6 10. Rf1 fxe5+ 11. Kg1 exd4 12. Nxd4 Rxf1+ 13. Bxf1 e5
14. Nde2 Qd6 15. Qxd5+ Qe6 16. Qxe6+ Bxe6 17. Ne4 Rf8 18. Bg5 Re8 19. Bxe7 Nxe7
20. b3 Nf5 21. Rc1 Rf8 22. c4 Ne3 23. Nc5 Bc8 24. g4 b6 25. Nd3 e4 26. Ndf4
Nxf1 27. Rxf1 Rd8 28. Nd5 Rd7 29. Ng3 Bb7 30. Nxe4 Bxd5 31. cxd5 Rxd5 32. Re1
h6 33. h4 Kh7 34. g5 c5 35. gxh6 Kxh6 36. Kg2 Kh5 37. Kh3 Rd3+ 38. Ng3+ Kh6 39.
Re6+ Kh7 40. h5 a5 41. Rxb6 Rd2 42. a4 Rb2 43. Nf5 c4 44. Rb7 Rxb3+ 45. Ne3
Rxb7 46. Nxc4 Rb4 47. Nxa5 Rxa4 48. Nc6 Ra6 49. Nd8 Rh6 50. Kg4 Rd6 51. Nf7
Rd4+ 52. Kf5 Rd5+ 53. Ne5 Kh6 54. Ke4 Rxe5+ 55. Kxe5 Kxh5 56. Kf4 g5+ 57. Kg3
g4 58. Kh2 Kh4 0-1

[Event "East Lansing (Beg/2/9)"]
[Site "?"]
[Date "1995.??.??"]
[Round "?"]
[White "Paul, Dennis"]
[Black "Leaf, J."]
[Result "1-0"]
[WhiteElo "1605"]
[BlackElo "1605"]
[PlyCount "45"]
[EventDate "1995.??.??"]

{2/(9)} 1. e3 f5 2. c4 Nf6 3. d4 e6 4. Nc3 Bd6 5. d5 exd5 6. cxd5 O-O 7. Bc4
Kh8 8. Nf3 Bb4 9. O-O Bxc3 10. bxc3 Ne4 11. Qc2 Nd6 12. Bd3 Nc6 13. dxc6 bxc6
14. Ba3 Bb7 15. Bxf5 Nxf5 16. Bxf8 Qxf8 17. g4 c5 18. Qxf5 Bxf3 19. Qxf8+ Rxf8
20. a4 Bxg4 21. a5 Rf3 22. Rab1 c6 23. Rb8+ 1-0

[Event "East Lansing (Beg/5/2)"]
[Site "?"]
[Date "1995.??.??"]
[Round "?"]
[White "Paul, Dennis"]
[Black "Klein, N."]
[Result "0-1"]
[WhiteElo "1605"]
[BlackElo "1605"]
[PlyCount "98"]
[EventDate "1995.??.??"]

{5/(2)} 1. e3 e5 2. c4 Nc6 3. Nf3 e4 4. Nd4 Nge7 5. Nc3 f5 6. d3 Nxd4 7. exd4
exd3 8. Bxd3 g6 9. O-O d5 10. Re1 dxc4 11. Bxc4 c6 12. d5 b5 13. Bb3 b4 14. Na4
Qd6 15. g3 Bg7 16. Bf4 Qf6 17. Be5 Qf8 18. Bxg7 Qxg7 19. dxc6 Ba6 20. Qd7+ Kf8
21. Rxe7 Qxe7 22. Qxe7+ Kxe7 23. Nc5 Bb5 24. Re1+ Kd6 25. Nb7+ Kxc6 26. Na5+
Kb6 27. Nc4+ Bxc4 28. Bxc4 Rhc8 29. Re6+ Rc6 30. Bd5 Rxe6 31. Bxe6 Re8 32. Bc4
Kc5 33. b3 a5 34. Bf7 Re2 35. Bg8 Re7 36. h4 h5 37. f3 Kd4 38. Kf2 Kc3 39. g4
Kb2 40. gxh5 gxh5 41. Kg3 Rg7+ 42. Kf4 Rxg8 43. Kxf5 Kxa2 44. f4 Kxb3 45. Kf6
Rf8+ 46. Kg5 a4 47. f5 a3 48. f6 a2 49. Kg6 a1=Q 0-1

[Event "East Lansing (MOR/4/39)"]
[Site "?"]
[Date "1995.??.??"]
[Round "?"]
[White "Paul, Dennis"]
[Black "Hill, Brad"]
[Result "0-1"]
[WhiteElo "1605"]
[BlackElo "1605"]
[PlyCount "70"]
[EventDate "1995.??.??"]

{4/(39)} 1. e4 c5 2. Nf3 Nc6 3. Nc3 g6 4. Bb5 d6 5. d4 cxd4 6. Qxd4 Nf6 7. Qd2
Bd7 8. O-O Bg7 9. Re1 O-O 10. b3 a6 11. Bc4 b5 12. Bd3 b4 13. Nd5 Nxd5 14. exd5
Bxa1 15. Qh6 Bg7 16. Qh4 f6 17. Bh6 Ne5 18. Rxe5 dxe5 19. Bg5 Qe8 20. Bc4 Bf5
21. d6+ e6 22. Bxf6 Bxf6 23. Ng5 Bxg5 24. Qxg5 Rd8 25. Qe7 Qxe7 26. dxe7 Rd1+
27. Bf1 Re8 28. f3 Rxe7 29. Kf2 Rxf1+ 30. Kxf1 Bxc2 31. Ke2 e4 32. f4 Bd3+ 33.
Ke3 e5 34. g3 exf4+ 35. Kxf4 Bb1 0-1

[Event "Gaylord (NMO/5/17)"]
[Site "?"]
[Date "1995.??.??"]
[Round "?"]
[White "Paul, Dennis"]
[Black "Falkner, J."]
[Result "1-0"]
[WhiteElo "1605"]
[BlackElo "1605"]
[PlyCount "79"]
[EventDate "1995.??.??"]

{5/(17)} 1. e4 e5 2. Nf3 Nc6 3. Bb5 a6 4. Ba4 b5 5. Bb3 Bc5 6. d3 Nf6 7. h3 O-O
8. Be3 Qe7 9. Bxc5 Qxc5 10. O-O Nd4 11. c3 Nxf3+ 12. Qxf3 Bb7 13. Nd2 Rad8 14.
a3 d5 15. Ba2 dxe4 16. Nxe4 Nxe4 17. dxe4 Kh8 18. Rad1 f5 19. Rxd8 Rxd8 20.
Qxf5 Rf8 21. Qg4 Rf4 22. Qe6 Rf8 23. Bd5 Bxd5 24. exd5 Qd6 25. Re1 Qxe6 26.
dxe6 Re8 27. Rxe5 Kg8 28. f4 g6 29. g4 Kg7 30. Kg2 Kf6 31. Kf3 g5 32. Ke4 h6
33. f5 Ke7 34. Rd5 Rd8 35. Rxd8 Kxd8 36. f6 Ke8 37. Kf5 Kf8 38. Kg6 c5 39. e7+
Ke8 40. Kg7 1-0

[Event "East Lansing (Beg/1/13)"]
[Site "?"]
[Date "1995.??.??"]
[Round "?"]
[White "Paul, Dennis"]
[Black "Clark, D."]
[Result "1/2-1/2"]
[WhiteElo "1605"]
[BlackElo "1605"]
[PlyCount "62"]
[EventDate "1995.??.??"]

{1/(13)} 1. d4 d5 2. Nc3 Nf6 3. Nf3 Nc6 4. Bf4 Bg4 5. Ne5 Ne4 6. Nxg4 Nxc3 7.
bxc3 e6 8. g3 Ba3 9. Qd2 O-O 10. Bh6 gxh6 11. Qxh6 f6 12. Nxf6+ Rxf6 13. Qg5+
Rg6 14. Qxd8+ Rxd8 15. Bg2 Bb2 16. O-O Bxa1 17. Rxa1 e5 18. e3 exd4 19. cxd4
Rf6 20. c3 Ne7 21. Rb1 b6 22. a4 Rdf8 23. f4 Re6 24. Kf2 a5 25. h4 c5 26. Bh3
Rc6 27. Kf3 h5 28. Bd7 Rc7 29. Be6+ Kg7 30. Rxb6 Rf6 31. g4 Rc6 1/2-1/2

[Event "East Lansing (MOR/2/20)"]
[Site "?"]
[Date "1995.??.??"]
[Round "?"]
[White "Paul, Dennis"]
[Black "Ashton, Jeff"]
[Result "0-1"]
[WhiteElo "1605"]
[BlackElo "1625"]
[PlyCount "50"]
[EventDate "1995.??.??"]

{2/(20)} 1. e4 c5 2. Bc4 e6 3. e5 d5 4. exd6 Bxd6 5. Nf3 Nc6 6. c3 e5 7. d4
cxd4 8. cxd4 exd4 9. Nxd4 Nxd4 10. Qxd4 Bb4+ 11. Nd2 Qxd4 12. O-O Bxd2 13. Bxd2
Qxc4 14. Bc3 Nf6 15. Rad1 Be6 16. a3 Rd8 17. Rc1 Qd3 18. Bb4 Rd5 19. Rfe1 a5
20. Rc8+ Rd8 21. Rxd8+ Qxd8 22. Bc5 Qd2 23. Kf1 Kd7 24. Ra1 Bc4+ 25. Kg1 Re8
0-1

[Event "Detroit (MI Action/5/10)"]
[Site "?"]
[Date "1995.??.??"]
[Round "?"]
[White "Parker, Dean"]
[Black "Choyke, J."]
[Result "0-1"]
[WhiteElo "1605"]
[BlackElo "1635"]
[PlyCount "87"]
[EventDate "1995.??.??"]

{5/(10)} 1. e4 e5 2. Nf3 Nc6 3. Nc3 Nf6 4. Bb5 Bc5 5. Bxc6 dxc6 6. Nxe5 Qd4 7.
Nd3 O-O 8. Qf3 Bg4 9. Qe3 Qxe3+ 10. dxe3 Bb6 11. Ne5 Rfe8 12. Nxg4 Nxg4 13. O-O
Rad8 14. h3 Nf6 15. a4 Nxe4 16. Nxe4 Rxe4 17. a5 Bc5 18. c3 a6 19. b4 Be7 20.
Bb2 f6 21. Rfd1 Bd6 22. Rd4 Rde8 23. Rxe4 Rxe4 24. Rd1 c5 25. bxc5 Bxc5 26.
Rd8+ Kf7 27. Rd7+ Re7 28. Rxe7+ Kxe7 29. Kf1 Kd6 30. Ke2 Kc6 31. c4 Bb4 32. Kd3
Bxa5 33. f4 Bb6 34. Bd4 Bc5 35. Bxc5 Kxc5 36. g4 Kd6 37. e4 c5 38. h4 b5 39.
cxb5 axb5 40. g5 h6 41. gxf6 gxf6 42. e5+ fxe5 43. fxe5+ Kxe5 44. h5 0-1

[Event "Detroit (WCO/2/13)"]
[Site "?"]
[Date "1995.??.??"]
[Round "?"]
[White "Parker, Dea"]
[Black "Zarzycki, Amanda"]
[Result "1-0"]
[WhiteElo "1605"]
[BlackElo "1605"]
[PlyCount "35"]
[EventDate "1995.??.??"]

{2/(13)} 1. e4 e5 2. Nf3 Nc6 3. Nc3 Bc5 4. Bc4 Nf6 5. Ng5 O-O 6. b3 Ng4 7. Qxg4
d6 8. Qh4 h6 9. Nf3 Qe8 10. Qg3 Nb4 11. O-O Nxc2 12. Rb1 Qd8 13. d3 Nd4 14.
Nxd4 Bxd4 15. Nd5 f5 16. Bxh6 Rf7 17. Nxc7 Qxc7 18. Qxg7# 1-0

[Event "Detroit (WCO/4/14)"]
[Site "?"]
[Date "1995.??.??"]
[Round "?"]
[White "Parker, Dea"]
[Black "Goerke, Jesse"]
[Result "0-1"]
[WhiteElo "1605"]
[BlackElo "1605"]
[PlyCount "96"]
[EventDate "1995.??.??"]

{4/(14)} 1. e4 e5 2. Nf3 Nc6 3. Bc4 Nf6 4. d3 d5 5. exd5 Nxd5 6. Bb5 Bd7 7.
Bxc6 Bxc6 8. O-O Nf4 9. Re1 Bxf3 10. Qxf3 Bd6 11. Bxf4 O-O 12. Bxe5 Bxe5 13.
Rxe5 Re8 14. Rxe8+ Qxe8 15. Nc3 Qe7 16. h3 Qb4 17. Rb1 h6 18. a3 Qb6 19. Nd5
Qd6 20. c4 c6 21. Qf4 Rd8 22. Qxd6 Rxd6 23. Nf4 b5 24. Rc1 g5 25. Ne2 Rxd3 26.
cxb5 cxb5 27. Rc8+ Kg7 28. Ra8 Rd1+ 29. Kh2 Rd2 30. Nc3 Rxb2 31. Rxa7 Rb3 32.
Nd5 Rd3 33. Nc7 Rd2 34. f3 Rb2 35. a4 bxa4 36. Rxa4 f5 37. Ra7 h5 38. Ne6+ Kh6
39. Ra6 g4 40. Nd4+ Kg5 41. Ra5 gxh3 42. Rxf5+ Kh4 43. Rf4+ Kg5 44. Ne6+ Kg6
45. Kxh3 Rb6 46. Nd4 Rb8 47. Kh4 Rb2 48. g3 Rh2# 0-1

[Event "Grand Rapids (MI Am/2/31)"]
[Site "?"]
[Date "1995.??.??"]
[Round "?"]
[White "Parent, S."]
[Black "Nolan, Brian"]
[Result "0-1"]
[WhiteElo "1605"]
[BlackElo "1605"]
[PlyCount "102"]
[EventDate "1995.??.??"]

{2/(31)} 1. d4 Nf6 2. c4 e6 3. Bg5 Bb4+ 4. Nc3 d5 5. Qa4+ Nc6 6. Nf3 Bxc3+ 7.
bxc3 Bd7 8. Qa3 Qe7 9. Qxe7+ Kxe7 10. Ne5 h6 11. Bh4 g5 12. Bg3 Ne4 13. Nxc6+
Bxc6 14. Be5 f6 15. Bxc7 dxc4 16. Rc1 b6 17. f3 Rhc8 18. Bg3 Nxg3 19. hxg3 Rh8
20. e4 b5 21. Be2 f5 22. e5 Bd5 23. Rb1 Rab8 24. Kf2 Rb6 25. Bd1 a5 26. Bc2 b4
27. Rb2 Kf7 28. Rhb1 Rhb8 29. Rh1 Kg7 30. Ke2 b3 31. axb3 cxb3 32. Bd1 a4 33.
Kd3 a3 34. c4 axb2 35. Be2 Bc6 36. Rb1 Ra8 37. Rxb2 Ra2 38. Kc3 Rxb2 39. Kxb2
h5 40. Bd1 g4 41. Be2 Kg6 42. Bd1 gxf3 43. Bxf3 Bxf3 44. gxf3 Kg5 45. d5 exd5
46. cxd5 Rb5 47. d6 Rd5 48. Kxb3 f4 49. Kc4 Rd1 50. e6 Rxd6 51. gxf4+ Kxf4 0-1

[Event "Grand Rapids (MI Am/4/29)"]
[Site "?"]
[Date "1995.??.??"]
[Round "?"]
[White "Parent, S."]
[Black "Moulter, Art"]
[Result "1-0"]
[WhiteElo "1605"]
[BlackElo "1605"]
[PlyCount "81"]
[EventDate "1995.??.??"]

{4/(29)} 1. c4 c5 2. Nc3 Nc6 3. g3 Nf6 4. e4 e5 5. d3 h6 6. f4 exf4 7. Bxf4 d6
8. Qd2 Nd4 9. O-O-O Bd7 10. Bg2 Bc6 11. Re1 Be7 12. Nf3 Nxf3 13. Bxf3 b6 14.
Nd5 O-O 15. Ref1 a6 16. Qc3 b5 17. b3 b4 18. Qb2 a5 19. e5 Nxd5 20. cxd5 Bb5
21. Kd2 f6 22. e6 a4 23. Ra1 a3 24. Qc2 f5 25. Rac1 Kh7 26. h4 g6 27. Ke2 Rg8
28. Kf2 g5 29. Be3 g4 30. Be2 Qf8 31. Kg2 Qf6 32. d4 Bxe2 33. Qxe2 cxd4 34. Bd2
Rab8 35. Qd3 Rgf8 36. Rc4 Qe5 37. Rxd4 Kg6 38. Bxb4 Ra8 39. Bc3 Bd8 40. Rxg4+
Kh5 41. Bxe5 1-0

[Event "Grand Rapids (MI Am/1/25)"]
[Site "?"]
[Date "1995.??.??"]
[Round "?"]
[White "Parent, S."]
[Black "Blanchard, Robert"]
[Result "0-1"]
[WhiteElo "1605"]
[BlackElo "1645"]
[PlyCount "108"]
[EventDate "1995.??.??"]

{1/(25)} 1. d4 Nf6 2. c4 g6 3. Nc3 Bg7 4. e4 d6 5. Nf3 O-O 6. Bf4 Nbd7 7. Nd5
Nxe4 8. Bd3 Ndf6 9. Nxf6+ Nxf6 10. h3 Re8 11. O-O Nd7 12. Re1 h6 13. Qd2 Kh7
14. g4 e5 15. dxe5 dxe5 16. Nxe5 Qf6 17. g5 hxg5 18. Bxg5 Nxe5 19. Bxf6 Nf3+
20. Kg2 Nxd2 21. Rxe8 Bxh3+ 22. Kxh3 Rxe8 23. Bxg7 Kxg7 24. Kg3 Ne4+ 25. Kf3
Ng5+ 26. Kg4 Kf6 27. f4 Ne4 28. Rf1 Nc5 29. Bb1 Ne4 30. Bxe4 Rxe4 31. b3 Re2
32. a4 Rb2 33. Rf3 Rg2+ 34. Rg3 Rxg3+ 35. Kxg3 c5 36. a5 Kf5 37. Kf3 b6 38. Kg3
Ke4 39. Kg4 f6 40. Kg3 Kd3 41. Kg4 Kc3 42. f5 g5 43. Kh5 Kxb3 44. Kg6 g4 45.
Kxf6 g3 46. Ke7 g2 47. f6 g1=Q 48. f7 Qe3+ 49. Kf6 Qf4+ 50. Ke7 Qe5+ 51. Kf8
Kxc4 52. Kg8 Qf5 53. f8=Q Qxf8+ 54. Kxf8 b5 0-1

[Event "Grand Rapids (MI Am/4/15)"]
[Site "?"]
[Date "1995.??.??"]
[Round "?"]
[White "Pagel, R."]
[Black "Marson, Michael"]
[Result "0-1"]
[WhiteElo "1735"]
[BlackElo "1605"]
[PlyCount "86"]
[EventDate "1995.??.??"]

{4/(15)} 1. Nf3 e6 2. c4 Nf6 3. g3 b6 4. Bg2 Bb7 5. O-O Nc6 6. d4 Bd6 7. Nc3
O-O 8. e4 e5 9. d5 Ne7 10. a3 Ng6 11. Ne1 c6 12. Nd3 Rc8 13. b4 cxd5 14. Nb5
Bb8 15. c5 dxe4 16. Nd6 Bxd6 17. cxd6 Ba6 18. Nb2 Bxf1 19. Bxf1 Ne8 20. Bb5 a6
21. Bxa6 Rc6 22. Nc4 Qb8 23. Bb5 Rxd6 24. Nxd6 Nxd6 25. Bxd7 Rd8 26. Ba4 b5 27.
Bb3 Kh8 28. Qe2 f5 29. Bb2 f4 30. Rd1 f3 31. Qd2 Qc8 32. Qe1 Nf4 33. Qf1 Nd3
34. Bc1 Nf5 35. Bg5 Rd4 36. Qh3 Nb2 37. Rc1 Rc4 38. Bxc4 bxc4 39. Rc2 Nd3 40.
Bd2 g6 41. Bc3 e3 42. fxe3 f2+ 43. Kf1 Nxe3+ 0-1

[Event "Grand Rapids (MI Am/1/20)"]
[Site "?"]
[Date "1995.??.??"]
[Round "?"]
[White "Pagel, R."]
[Black "Jacobs, Ron"]
[Result "1-0"]
[WhiteElo "1735"]
[BlackElo "1605"]
[PlyCount "75"]
[EventDate "1995.??.??"]

{1/(20)} 1. c4 c5 2. Nc3 Nc6 3. g3 g6 4. Bg2 Qc7 5. e3 a6 6. Nge2 d6 7. a3 Nf6
8. O-O Bg7 9. d3 O-O 10. Rb1 Rb8 11. Bd2 b5 12. Nd5 Nxd5 13. cxd5 Nd8 14. Qc1
Qa7 15. b4 Nb7 16. e4 Bd7 17. Be3 Rbc8 18. Qd2 Qa8 19. Bh6 cxb4 20. Bxg7 Kxg7
21. axb4 Qa7 22. Rfc1 Rxc1+ 23. Rxc1 Rc8 24. Rxc8 Bxc8 25. Qc3+ f6 26. Qxc8 a5
27. Qc7 Kf7 28. Bh3 Qa8 29. Be6+ Kf8 30. Bc8 axb4 31. Bxb7 Qa1+ 32. Kg2 b3 33.
Bc8 b2 34. Qd8+ Kg7 35. Qxe7+ Kh6 36. Qf8+ Kg5 37. h4+ Kh5 38. Nf4# 1-0

[Event "Grand Rapids (MI Am/3/17)"]
[Site "?"]
[Date "1995.??.??"]
[Round "?"]
[White "Pagel, R."]
[Black "Aldrich, Justin"]
[Result "1-0"]
[WhiteElo "1735"]
[BlackElo "1605"]
[PlyCount "119"]
[EventDate "1995.??.??"]

{3/(17)} 1. e4 e5 2. Nf3 d6 3. d4 exd4 4. Nxd4 Nf6 5. Nc3 Bd7 6. Bc4 Nc6 7. O-O
Be7 8. Re1 O-O 9. f4 Re8 10. Nxc6 Bxc6 11. b4 a6 12. Bb2 Qd7 13. Nd5 Bxd5 14.
Bxd5 c6 15. Bb3 Rad8 16. Qd4 Qg4 17. Rf1 c5 18. Qe3 cxb4 19. Rf3 Nh5 20. Rd1
Bf6 21. Bxf6 Nxf6 22. Rd4 a5 23. Ba4 Re7 24. Rg3 Qc8 25. Qd3 Qc5 26. Kf1 Rc7
27. e5 Ne8 28. Bb3 Kf8 29. Rc4 Qb5 30. Rxc7 Qxd3+ 31. Rxd3 Nxc7 32. exd6 Ne8
33. d7 Nf6 34. Ba4 Ke7 35. Re3+ Kd6 36. Rd3+ Ke6 37. Re3+ Kf5 38. Re8 Rxe8 39.
dxe8=Q Nxe8 40. Bxe8 Kxf4 41. Bxf7 Ke3 42. Ke1 Kd4 43. Kd2 h6 44. h4 b6 45. g4
g5 46. hxg5 hxg5 47. Be6 Kc5 48. Kd3 Kd6 49. Bc4 Ke5 50. Ke3 Kd6 51. Ke4 Kc5
52. Bf7 a4 53. Kf5 Kd4 54. Be8 b3 55. cxb3 a3 56. Kxg5 Kc3 57. Bf7 b5 58. b4
Kxb4 59. Bb3 Kc5 60. Kf6 1-0

[Event "Troy (US Am N/4/38)"]
[Site "?"]
[Date "1995.??.??"]
[Round "?"]
[White "Osak, J."]
[Black "Prince, S."]
[Result "0-1"]
[WhiteElo "1605"]
[BlackElo "1605"]
[PlyCount "58"]
[EventDate "1995.??.??"]

{4/(38)} 1. d4 Nf6 2. Nf3 d6 3. e3 g6 4. Bd3 Bg7 5. O-O O-O 6. Re1 c5 7. c3 Nc6
8. Qc2 e5 9. Nbd2 Re8 10. dxe5 dxe5 11. Ne4 Qe7 12. Nxf6+ Bxf6 13. Rd1 e4 14.
Bxe4 Qxe4 15. Qxe4 Rxe4 16. Rd6 Re6 17. Rd5 b6 18. Ng5 Re5 19. e4 Bb7 20. Rxe5
Nxe5 21. f3 Rd8 22. Rb1 Rd1+ 23. Kf2 Nd3+ 24. Ke2 Rxc1 25. Rxc1 Nxc1+ 26. Kd1
Bxg5 27. g3 Nd3 28. f4 Nxf4 29. gxf4 Bxf4 0-1

[Event "Troy (US Am N/3/36)"]
[Site "?"]
[Date "1995.??.??"]
[Round "?"]
[White "Osak, J."]
[Black "Gentry, Loyd"]
[Result "0-1"]
[WhiteElo "1605"]
[BlackElo "1605"]
[PlyCount "54"]
[EventDate "1995.??.??"]

{3/(36)} 1. d4 c5 2. e3 cxd4 3. exd4 d5 4. Nc3 Bf5 5. Bb5+ Nc6 6. Nf3 Nf6 7.
Bxc6+ bxc6 8. O-O e6 9. Ne5 c5 10. Ne2 Bd6 11. c3 O-O 12. Ng3 Bg6 13. Nxg6 hxg6
14. Bg5 cxd4 15. Qxd4 Qe7 16. b4 Rfc8 17. Rac1 Rc4 18. Bxf6 Qxf6 19. Qxf6 gxf6
20. Ne2 Rac8 21. a3 Be5 22. Rc2 d4 23. Nc1 Rxc3 24. Rxc3 dxc3 25. g3 Rd8 26.
Ne2 c2 27. Rc1 Rd1+ 0-1